000 00629nam a2200217Ii 4500
003 JO-AjNU
008 230606s9999||||xx |||||||||||||| ||und||
020 _a81-265-0765-9
040 _aJO-AjNU
_beng
_erda
_cJO-AjNU
041 _aeng
050 1 4 _aTK5105.2007
100 3 _aHarle, David/Irvine, James,
_eauthor
_92767
245 0 0 _aData Communications Networks: An Engineering Approach
250 _a3 ed
264 3 1 _aIndia:wily, 2007
300 _a265p
336 _atext
_btxt
_2rdacontent
337 _aunmediated
_bn
_2rdamedia
338 _avolume
_bnc
_2rdacarrier
650 4 _aData Communications Networks
_92768
999 _aE1449
_c1449
_d1449